000 00408nam a2200169Ia 4500
008 230524s9999 xx 000 0 und d
020 _a8121922380
082 _a621.382
_bGUP
100 _aB.R.Gupta
245 0 _aPower System Analysis and Design
250 _a4TH
260 _aNEW DELHI
_bS.Chand
_c2006
300 _aXIII/643
500 _aQuantity Number: 69
650 _aElectrical
942 _cBK
999 _c36181
_d36181